[Event "Catalunya-chT Gp2"]
[Site "Barcelona"]
[Date "2024.01.20"]
[Round "1.3"]
[White "Mestre Bellido, Hector"]
[Black "Martinez Pla, Xavier"]
[Result "1-0"]
[WhiteElo "2286"]
[BlackElo "2251"]
[PlyCount "125"]
[EventDate "2024.01.20"]
[EventType "team-tourn"]
[EventRounds "7"]
[EventCountry "ESP"]
[SourceTitle "CB06_2024"]
[SourceDate "2024.02.07"]
[SourceVersion "1"]
[SourceVersionDate "2024.02.07"]
[SourceQuality "1"]
[WhiteTeam "Foment Martinenc"]
[BlackTeam "Vila Olimpica"]
[WhiteTeamCountry "ESP"]
[BlackTeamCountry "ESP"]

1. Nf3 Nf6 2. g3 b6 3. Bg2 Bb7 4. 0-0 e6 5. c4 Be7 6. b3 c5 7. Bb2 0-0 8. Nc3 d6 9. d4 cxd4 10. Qxd4 Nbd7 11. Rfd1 a6 12. e4 Qc7 13. Ba3 Ne8 14. Qe3 Nc5 15. Rac1 Nf6 16. Nd4 Rfe8 17. f3 Rad8 18. Nde2 Qb8 19. Nf4 Bf8 20. Qf2 Ba8 21. Bf1 d5 22. b4 dxe4 23. bxc5 exf3 24. h3 Qe5 25. Re1 Qg5 26. Re3 bxc5 27. Rce1 Bd6 28. Rxf3 Bxf3 29. Qxf3 e5 30. h4 Qh6 31. Nfd5 Nxd5 32. Nxd5 e4 33. Qf2 Qg6 34. Kh2 Qg4 35. Nf4 Qf5 36. Bh3 Qf6 37. Bxc5 Bxc5 38. Qxc5 Rd2+ 39. Bg2 g6 40. Re2 Rd4 41. Nd5 Qe5 42. Qc6 Re6 43. Qc8+ Kg7 44. Nf4 Rf6 45. Nd5 Rd3 46. Qg4 Re6 47. Rxe4 Qd6 48. Rxe6 fxe6 49. Nf4 Re3 50. h5 e5 51. Nd5 Ra3 52. Qe2 gxh5 53. Be4 Qc5 54. Qb2 Kf7 55. Qxe5 Rxa2+ 56. Kh3 Rf2 57. Bf5 Kf8 58. Qh8+ Kf7 59. Qxh7+ Kf8 60. Qh8+ Kf7 61. Qxh5+ Kf8 62. Qh6+ Kf7 63. Qg6+ 1-0

[Event "Catalunya-chT Gp1"]
[Site "Barcelona"]
[Date "2023.02.25"]
[Round "6.5"]
[White "Mestre Bellido, Hector"]
[Black "Avila Jimenez, Xavier"]
[Result "1/2-1/2"]
[WhiteElo "2295"]
[BlackElo "2129"]
[PlyCount "97"]
[EventDate "2023.01.21"]
[EventType "team-tourn"]
[EventRounds "7"]
[EventCountry "ESP"]
[SourceTitle "CBM 213 Extra"]
[Source "ChessBase"]
[SourceDate "2023.05.31"]
[SourceVersion "1"]
[SourceVersionDate "2023.05.31"]
[SourceQuality "1"]
[WhiteTeam "Foment Martinenc"]
[BlackTeam "Lira Vendrellenca"]
[WhiteTeamCountry "ESP"]
[BlackTeamCountry "ESP"]

1. Nf3 Nf6 2. g3 g6 3. b4 a5 4. b5 Bg7 5. Bb2 0-0 6. Bg2 c6 7. a4 cxb5 8. axb5 Qb6 9. c4 Ng4 10. d4 d5 11. Na3 dxc4 12. Qa4 Bd7 13. h3 Nh6 14. Ne5 Bxe5 15. dxe5 Nf5 16. Rd1 Qc5 17. Bc3 Qc7 18. 0-0 Be6 19. g4 Nh4 20. Bd5 Bxd5 21. Rxd5 e6 22. Rd6 Nd7 23. Bd4 Nf6 24. b6 Qb8 25. Nxc4 Nd5 26. f4 g5 27. fxg5 Ng6 28. e4 Ndf4 29. Kh2 Ne2 30. Qd1 Nxd4 31. Qxd4 a4 32. Ra1 Rc8 33. Kg3 a3 34. Rxa3 Rxa3+ 35. Nxa3 Qa8 36. Nb5 Qa2 37. Rd8+ Rxd8 38. Qxd8+ Kg7 39. Qf6+ Kg8 40. Nd6 Qb3+ 41. Kg2 Qb2+ 42. Qf2 Nh4+ 43. Kf1 Qc1+ 44. Ke2 Qb2+ 45. Ke3 Qxb6+ 46. Ke2 Qa6+ 47. Ke3 Qb6+ 48. Ke2 Qa6+ 49. Ke3 1/2-1/2

[Event "Catalunya-chT Gp1"]
[Site "Barcelona"]
[Date "2023.02.11"]
[Round "4.4"]
[White "Pinero Fernandez, Xavier"]
[Black "Mestre Bellido, Hector"]
[Result "1-0"]
[WhiteElo "2279"]
[BlackElo "2295"]
[PlyCount "93"]
[EventDate "2023.01.21"]
[EventType "team-tourn"]
[EventRounds "7"]
[EventCountry "ESP"]
[SourceTitle "CBM 213 Extra"]
[Source "ChessBase"]
[SourceDate "2023.05.31"]
[SourceVersion "1"]
[SourceVersionDate "2023.05.31"]
[SourceQuality "1"]
[WhiteTeam "Ateneu Colon"]
[BlackTeam "Foment Martinenc"]
[WhiteTeamCountry "ESP"]
[BlackTeamCountry "ESP"]

1. Nc3 d5 2. d4 Bf5 3. Bf4 e6 4. e3 c5 5. Nb5 Na6 6. c3 Nf6 7. Qa4 Nd7 8. Nf3 Be7 9. Nd6+ Bxd6 10. Bxd6 Qb6 11. Ne5 Qxd6 12. Nxd7 Ke7 13. Ne5 Nc7 14. f4 c4 15. Be2 b5 16. Qd1 f6 17. Nf3 b4 18. a4 Rab8 19. Qc1 bxc3 20. bxc3 Rb3 21. Nd2 Rhb8 22. Nxb3 cxb3 23. Qb2 Bc2 24. 0-0 Ne8 25. Rfc1 Qc7 26. Rxc2 bxc2 27. Qxc2 Nd6 28. c4 dxc4 29. Qxh7 c3 30. Qxg7+ Nf7 31. Rc1 c2 32. Qh7 f5 33. Qh4+ Kf8 34. Qe1 Rb3 35. Qd2 Rb1 36. Bd3 Rxc1+ 37. Qxc1 Qc3 38. Qxc2 Qe1+ 39. Bf1 Qxe3+ 40. Qf2 Qa3 41. d5 Qxa4 42. Qc5+ Kg7 43. dxe6 Nh6 44. Qe5+ Kf8 45. Qf6+ Ke8 46. Be2 Ng4 47. Qf7+ 1-0

[Event "Catalunya-chT Gp1"]
[Site "Barcelona"]
[Date "2023.02.04"]
[Round "3.5"]
[White "Lerch Gallemi, Jose Maria"]
[Black "Mestre Bellido, Hector"]
[Result "0-1"]
[WhiteElo "2161"]
[BlackElo "2295"]
[PlyCount "36"]
[EventDate "2023.01.21"]
[EventType "team-tourn"]
[EventRounds "7"]
[EventCountry "ESP"]
[SourceTitle "CBM 213 Extra"]
[Source "ChessBase"]
[SourceDate "2023.05.31"]
[SourceVersion "1"]
[SourceVersionDate "2023.05.31"]
[SourceQuality "1"]
[WhiteTeam "Sant Cugat"]
[BlackTeam "Foment Martinenc"]
[WhiteTeamCountry "ESP"]
[BlackTeamCountry "ESP"]

1. e4 e5 2. Nf3 Nc6 3. Bb5 a6 4. Bxc6 dxc6 5. d4 exd4 6. Qxd4 Qxd4 7. Nxd4 Nf6 8. 0-0 Bc5 9. c3 Bd7 10. Bg5 h6 11. Bxf6 gxf6 12. Nd2 Rg8 13. Kh1 0-0-0 14. N2b3 Bd6 15. Na5 Rg4 16. Rae1 Re8 17. f3 Rh4 18. g3 Bxg3 0-1

[Event "Catalunya-chT Gp1"]
[Site "Barcelona"]
[Date "2023.01.21"]
[Round "?"]
[White "Iermito, Sebastian"]
[Black "Mestre Bellido, Hector"]
[Result "1-0"]
[WhiteElo "2525"]
[BlackElo "2295"]
[PlyCount "63"]
[EventDate "2023.01.21"]
[EventType "team-tourn"]
[EventRounds "7"]
[EventCountry "ESP"]
[SourceTitle "CBM 212 Extra"]
[Source "ChessBase"]
[SourceDate "2023.03.31"]
[SourceVersion "1"]
[SourceVersionDate "2023.03.31"]
[SourceQuality "1"]
[WhiteTeam "Valls"]
[BlackTeam "Foment Martinenc"]
[WhiteTeamCountry "ESP"]
[BlackTeamCountry "ESP"]

1. e4 e5 2. Nf3 d6 3. d4 Nd7 4. Bc4 c6 5. 0-0 Be7 6. dxe5 dxe5 7. Ng5 Bxg5 8. Qh5 Qe7 9. Qxg5 Ngf6 10. b3 Nxe4 11. Qxg7 Rf8 12. Re1 Ndf6 13. Bg5 Nxg5 14. Qxg5 Nd7 15. Qh5 b5 16. Bd3 Bb7 17. a4 Rg8 18. Nd2 b4 19. Nf3 c5 20. Bxh7 Rg7 21. Be4 Nf6 22. Qh6 Rxg2+ 23. Kxg2 Nxe4 24. Rad1 f6 25. Qg6+ Kf8 26. Rxe4 Bxe4 27. Qxe4 Qg7+ 28. Kh1 Re8 29. Rg1 Qh6 30. Rg6 Qc1+ 31. Kg2 Kf7 32. Qf5 1-0

[Event "Catalunya-chT Gp1"]
[Site "Barcelona"]
[Date "2022.02.05"]
[Round "3.5"]
[White "Armengol Comas, Joaquim"]
[Black "Mestre Bellido, Hector"]
[Result "0-1"]
[WhiteElo "2134"]
[BlackElo "2282"]
[PlyCount "66"]
[EventDate "2022.01.22"]
[EventType "team-tourn"]
[EventRounds "9"]
[EventCountry "ESP"]
[SourceTitle "CBM 206 Extra"]
[Source "ChessBase"]
[SourceDate "2022.03.31"]
[SourceVersion "1"]
[SourceVersionDate "2022.03.31"]
[SourceQuality "1"]
[WhiteTeam "Terrassa"]
[BlackTeam "Foment Martinenc"]
[WhiteTeamCountry "ESP"]
[BlackTeamCountry "ESP"]

1. e4 e5 2. Nf3 d6 3. d4 Nd7 4. Nc3 Ngf6 5. Bc4 Be7 6. 0-0 c6 7. a4 0-0 8. a5 Rb8 9. Re1 b5 10. axb6 axb6 11. d5 b5 12. Ba2 b4 13. Na4 Bb7 14. c4 bxc3 15. Nxc3 Ra8 16. dxc6 Bxc6 17. Bg5 Qb6 18. Qc2 Rfc8 19. Nd2 h6 20. Nc4 Qb7 21. Bxf6 Nxf6 22. f3 Ra6 23. Kh1 Bd7 24. b3 Be6 25. Rad1 Nd7 26. Nd5 Nc5 27. Nce3 Bg5 28. Qf2 Qa7 29. Nb4 Ra3 30. Re2 Bxe3 31. Rxe3 Qa5 32. Qd2 Na6 33. Nd5 Rxa2 0-1

[Event "Catalunya-chT Gp1"]
[Site "Barcelona"]
[Date "2020.02.29"]
[Round "7.4"]
[White "Sama Salinas, Hector"]
[Black "Mestre Bellido, Hector"]
[Result "1/2-1/2"]
[WhiteElo "2296"]
[BlackElo "2285"]
[PlyCount "135"]
[EventDate "2020.01.18"]
[EventType "team-tourn"]
[EventRounds "7"]
[EventCountry "ESP"]
[SourceTitle "CBM 195 Extra"]
[Source "ChessBase"]
[SourceDate "2020.05.31"]
[SourceVersion "1"]
[SourceVersionDate "2020.05.31"]
[SourceQuality "1"]
[WhiteTeam "Sant Cugat"]
[BlackTeam "Foment Martinenc"]
[WhiteTeamCountry "ESP"]
[BlackTeamCountry "ESP"]

1. Nf3 d5 2. g3 Nf6 3. Bg2 c5 4. 0-0 e6 5. d3 Nc6 6. Nbd2 g6 7. e4 Bg7 8. Re1 0-0 9. Qe2 b6 10. Nf1 dxe4 11. dxe4 Bb7 12. e5 Nd5 13. Bg5 Qc7 14. Rad1 h6 15. Bc1 g5 16. h3 Rad8 17. N1h2 Nde7 18. Rxd8 Rxd8 19. Ng4 Nf5 20. c3 Qd7 21. Nf6+ Bxf6 22. exf6 Qd3 23. Qxd3 Rxd3 24. g4 Nd6 25. h4 gxh4 26. Nxh4 Ne5 27. Bf1 Rd5 28. f3 Kh7 29. Kf2 Nd3+ 30. Bxd3+ Rxd3 31. Rh1 Nc4 32. Ke2 Ne5 33. Bf4 Ba6 34. Kf2 Nxf3 35. Ng2 Nd2 36. Bxh6 Ne4+ 37. Ke1 Nxf6 38. Nf4 Re3+ 39. Kd2 Re4 40. Bg5+ Kg7 41. Rh6 Ng8 42. Nh5+ Kf8 43. Rh8 Rxg4 44. Rxg8+ Kxg8 45. Nf6+ Kg7 46. Nxg4 Kg6 47. Bd8 Kf5 48. Nf6 Bb5 49. Ke3 e5 50. Ne4 Bc6 51. Nd2 Ke6 52. Bh4 f5 53. Bd8 b5 54. Bc7 f4+ 55. Ke2 Bd5 56. b3 Kf5 57. c4 bxc4 58. bxc4 Bf7 59. Kd3 Bg6 60. Bb8 Kg4+ 61. Ke2 e4 62. Bxa7 e3 63. Nf1 Bf7 64. a3 Bxc4+ 65. Ke1 Bxf1 66. Kxf1 c4 67. Ke2 Kf5 68. Bxe3 1/2-1/2

[Event "Catalunya-chT GpB final"]
[Site "Barcelona"]
[Date "2019.03.16"]
[Round "2.3"]
[White "Fluvia Poyatos, Jordi"]
[Black "Mestre Bellido, Hector"]
[Result "1/2-1/2"]
[WhiteElo "2463"]
[BlackElo "2285"]
[PlyCount "120"]
[EventDate "2019.03.09"]
[EventType "team-tourn"]
[EventRounds "4"]
[EventCountry "ESP"]
[SourceTitle "EXT 2020"]
[Source "ChessBase"]
[SourceDate "2019.10.17"]
[SourceVersion "1"]
[SourceVersionDate "2019.10.17"]
[SourceQuality "1"]
[WhiteTeam "Andorra"]
[BlackTeam "Foment Martinenc"]
[WhiteTeamCountry "AND"]
[BlackTeamCountry "ESP"]

1. e4 e5 2. Nf3 d6 3. d4 Nd7 4. c3 Ngf6 5. Bd3 g6 6. 0-0 Bg7 7. Bg5 c6 8. Nbd2 0-0 9. h3 Qc7 10. Re1 Re8 11. Nf1 h6 12. Bd2 Nh5 13. Qc1 g5 14. g3 Kh7 15. Ne3 Nf8 16. Nf5 Bxf5 17. exf5 Nf6 18. h4 g4 19. Ng5+ hxg5 20. hxg5 N8d7 21. gxf6 Bxf6 22. Qd1 Rg8 23. Kg2 Kg7 24. Qxg4+ Kf8 25. Qe2 Re8 26. Bh6+ Ke7 27. dxe5 dxe5 28. Qe3 Rh8 29. Rad1 Rh7 30. Bg5 Reh8 31. Bxf6+ Kxf6 32. Rh1 Rxh1 33. Rxh1 Rxh1 34. Kxh1 Qb6 35. Qd2 Qc5 36. Kg1 Qd5 37. Qh6+ Ke7 38. Qh4+ Nf6 39. Bf1 a5 40. b3 Qf3 41. Qg5 Qxc3 42. Bc4 Qf3 43. Bxf7 Qg4 44. Qxg4 Nxg4 45. Bh5 Nh6 46. g4 Kf6 47. Kg2 Ng8 48. Kf3 Ne7 49. Ke4 Nd5 50. a4 Nc3+ 51. Kd3 Nd5 52. f3 b5 53. axb5 cxb5 54. Be8 a4 55. bxa4 bxa4 56. Bxa4 Nf4+ 57. Ke3 Nh3 58. Bb5 Ng5 59. Bc6 Nh3 60. Bd5 Ng5 1/2-1/2

[Event "Catalunya-chT Gp1"]
[Site "Barcelona"]
[Date "2019.02.23"]
[Round "6.2"]
[White "Stella, Andrea"]
[Black "Mestre Bellido, Hector"]
[Result "1/2-1/2"]
[WhiteElo "2512"]
[BlackElo "2285"]
[PlyCount "82"]
[EventDate "2019.01.19"]
[EventType "team-tourn"]
[EventRounds "7"]
[EventCountry "ESP"]
[SourceTitle "CBM 189 Extra"]
[Source "ChessBase"]
[SourceDate "2019.06.03"]
[SourceVersion "1"]
[SourceVersionDate "2019.06.03"]
[SourceQuality "1"]
[WhiteTeam "Colon Sabadell"]
[BlackTeam "Foment Martinenc"]
[WhiteTeamCountry "ESP"]
[BlackTeamCountry "ESP"]

1. d4 d5 2. c4 c6 3. Nf3 Nf6 4. Nc3 dxc4 5. a4 Bf5 6. e3 e6 7. Bxc4 Bb4 8. 0-0 0-0 9. Qe2 Bg6 10. Ne5 Nbd7 11. Nxg6 hxg6 12. Rd1 Qc7 13. e4 e5 14. d5 Bxc3 15. bxc3 cxd5 16. Bxd5 Nxd5 17. Rxd5 Nb6 18. Rb5 Rfd8 19. a5 Qxc3 20. Bb2 Qc4 21. Qxc4 Nxc4 22. Bxe5 a6 23. Rc5 Rac8 24. Bc7 Rd7 25. Rxc4 Rdxc7 26. Rxc7 Rxc7 27. Rb1 Rc5 28. f3 Rxa5 29. Rxb7 Ra2 30. Rb8+ Kh7 31. h4 f5 32. e5 f4 33. Kf1 Ra5 34. Re8 g5 35. hxg5 Kg6 36. Rg8 Rxe5 37. Kf2 Rb5 38. Ra8 Rb2+ 39. Kg1 Rb6 40. Ra7 Rc6 41. Kh2 Kxg5 1/2-1/2

[Event "Catalunya-chT Gp1"]
[Site "Barcelona"]
[Date "2019.02.16"]
[Round "5.3"]
[White "Garriga Cazorla, Pere"]
[Black "Mestre Bellido, Hector"]
[Result "1-0"]
[WhiteElo "2445"]
[BlackElo "2285"]
[PlyCount "66"]
[EventDate "2019.01.19"]
[EventType "team-tourn"]
[EventRounds "7"]
[EventCountry "ESP"]
[SourceTitle "CBM 189 Extra"]
[Source "ChessBase"]
[SourceDate "2019.06.03"]
[SourceVersion "1"]
[SourceVersionDate "2019.06.03"]
[SourceQuality "1"]
[WhiteTeam "Mollet"]
[BlackTeam "Foment Martinenc"]
[WhiteTeamCountry "ESP"]
[BlackTeamCountry "ESP"]

1. d4 d5 2. c4 c6 3. Nf3 Nf6 4. Nc3 dxc4 5. a4 Bf5 6. e3 e6 7. Bxc4 Bb4 8. 0-0 0-0 9. Nh4 Bg4 10. f3 Bh5 11. g4 Bg6 12. Nxg6 hxg6 13. e4 Qb6 14. Be3 e5 15. Bf2 exd4 16. e5 Bc5 17. a5 Qb4 18. Ra4 Qxb2 19. Qd3 Nfd7 20. Nd1 Qc1 21. e6 Ne5 22. exf7+ Kh7 23. Qb3 Nbd7 24. Be6 d3 25. Ne3 d2 26. Kg2 Nxf3 27. Nd1 Nde5 28. Bxc5 Qxc5 29. Rxf3 Nxf3 30. Qxf3 g5 31. Ra3 Rad8 32. Qh3+ Kg6 33. Bf5+ Kf6 1-0

[Event "Catalunya-chT Gp1"]
[Site "Barcelona"]
[Date "2018.03.03"]
[Round "7.3"]
[White "Trepat Herranz, Joan"]
[Black "Mestre Bellido, Hector"]
[Result "1/2-1/2"]
[WhiteElo "2380"]
[BlackElo "2281"]
[PlyCount "115"]
[EventDate "2018.01.20"]
[EventType "team-tourn"]
[EventRounds "7"]
[EventCountry "ESP"]
[SourceTitle "EXT 2019"]
[Source "ChessBase"]
[SourceDate "2018.10.10"]
[SourceVersion "1"]
[SourceVersionDate "2018.10.10"]
[SourceQuality "1"]
[WhiteTeam "Lleida"]
[BlackTeam "Foment Martinenc"]
[WhiteTeamCountry "ESP"]
[BlackTeamCountry "ESP"]

1. e4 e5 2. Nf3 d6 3. d4 Nf6 4. dxe5 Nxe4 5. Qd5 Nc5 6. Bg5 Be7 7. exd6 Qxd6 8. Nc3 Qxd5 9. Nxd5 Bd6 10. 0-0-0 Bg4 11. Be2 Ne6 12. Rhe1 Nc6 13. Be3 0-0-0 14. h3 Bh5 15. Ng5 Bxe2 16. Rxe2 Nxg5 17. Bxg5 Rde8 18. Rde1 Rxe2 19. Rxe2 f6 20. Bf4 Ne5 21. Bg3 Re8 22. Nc3 Kd7 23. Ne4 Bf8 24. f3 f5 25. Nc3 Bd6 26. Bf2 a6 27. Bd4 c5 28. Bf2 b5 29. f4 Nc4 30. g3 Rxe2 31. Nxe2 h5 32. b3 Nb6 33. Kd2 Kc6 34. Kd3 Nd5 35. Be1 g6 36. a3 Nf6 37. c4 Ne4 38. h4 b4 39. a4 Be7 40. Kc2 Bf6 41. Kd3 Kb6 42. Kc2 Ka5 43. Kd3 Nd6 44. Bf2 Kb6 45. Kc2 Bc3 46. Nxc3 bxc3 47. b4 Kc6 48. Bxc5 Nxc4 49. Kxc3 Kd5 50. Ba7 Nd6 51. Kd3 Ne4 52. b5 axb5 53. axb5 Nxg3 54. Be3 Ne4 55. b6 Nd6 56. Bf2 Nb7 57. Bg1 Nd6 58. Bf2 1/2-1/2

[Event "Catalunya-chT Gp1"]
[Site "Barcelona"]
[Date "2018.02.24"]
[Round "6.4"]
[White "Vives Esmerat, Jaume"]
[Black "Mestre Bellido, Hector"]
[Result "1/2-1/2"]
[WhiteElo "2300"]
[BlackElo "2281"]
[PlyCount "132"]
[EventDate "2018.01.20"]
[EventType "team-tourn"]
[EventRounds "7"]
[EventCountry "ESP"]
[SourceTitle "EXT 2019"]
[Source "ChessBase"]
[SourceDate "2018.10.10"]
[SourceVersion "1"]
[SourceVersionDate "2018.10.10"]
[SourceQuality "1"]
[WhiteTeam "Figueres"]
[BlackTeam "Foment Martinenc"]
[WhiteTeamCountry "ESP"]
[BlackTeamCountry "ESP"]

1. e4 e5 2. Nf3 d6 3. d4 Nf6 4. dxe5 Nxe4 5. Bc4 c6 6. exd6 Bxd6 7. 0-0 0-0 8. Re1 Bg4 9. h3 Bh5 10. Qe2 Bg6 11. Be3 Nd7 12. Nbd2 Nec5 13. Nb3 b5 14. Rad1 Qc7 15. Nxc5 Nxc5 16. Bxc5 Bxc5 17. Bd3 Bxd3 18. Rxd3 Rad8 19. Red1 Rfe8 20. Rxd8 Rxd8 21. Rxd8+ Qxd8 22. Ne5 Qe7 23. Kf1 Qe6 24. Nd3 Qxe2+ 25. Kxe2 Bd6 26. Ke3 f6 27. Ke4 Kf7 28. f4 Ke6 29. f5+ Kd7 30. Kd4 Kc7 31. c4 bxc4 32. Kxc4 Kb6 33. b4 a5 34. a3 axb4 35. axb4 Kc7 36. g4 Kb6 37. Nf2 Kc7 38. Ne4 Kd7 39. h4 h6 40. h5 Kc7 41. Nd2 Kb6 42. Nb3 Kc7 43. Nd4 Be7 44. b5 cxb5+ 45. Nxb5+ Kd7 46. Kd5 Bf8 47. Nd4 Ke7 48. Kc6 Kf7 49. Kd7 Bc5 50. Nc6 Bb6 51. Nb4 Bc5 52. Nd3 Be3 53. Nb2 Bd4 54. Nc4 Bc5 55. Na5 Bb4 56. Nc6 Ba3 57. Nd8+ Kf8 58. Ke6 Bc5 59. Nf7 Ke8 60. Nh8 Bb4 61. Ng6 Bc5 62. Nf4 Bb4 63. Nd5 Ba3 64. Nc7+ Kf8 65. Kd7 Kf7 66. Ne8 Bb4 1/2-1/2

[Event "Catalunya-chT Gp1"]
[Site "Barcelona"]
[Date "2018.02.10"]
[Round "4.3"]
[White "Aymerich Verdaguer, Eduard"]
[Black "Mestre Bellido, Hector"]
[Result "1-0"]
[WhiteElo "2169"]
[BlackElo "2281"]
[PlyCount "97"]
[EventDate "2018.01.20"]
[EventType "team-tourn"]
[EventRounds "7"]
[EventCountry "ESP"]
[SourceTitle "CBM 182 Extra"]
[Source "ChessBase"]
[SourceDate "2018.02.23"]
[SourceVersion "1"]
[SourceVersionDate "2018.02.23"]
[SourceQuality "1"]
[WhiteTeam "Olot"]
[BlackTeam "Foment Martinenc"]
[WhiteTeamCountry "ESP"]
[BlackTeamCountry "ESP"]

1. d4 Nf6 2. c4 b6 3. Nf3 Bb7 4. Nc3 e6 5. Qc2 c5 6. d5 exd5 7. cxd5 Nxd5 8. e4 Nxc3 9. bxc3 Qe7 10. Nd2 d5 11. Bb5+ Nd7 12. 0-0 dxe4 13. Re1 f5 14. Nc4 Bd5 15. Rd1 Bxc4 16. Bxc4 Rd8 17. Qa4 g5 18. Rd5 Bg7 19. Rxf5 Rf8 20. Bxg5 Bf6 21. Bxf6 Rxf6 22. Rxf6 Qxf6 23. Bb5 Qe7 24. Rd1 a5 25. h3 Qe6 26. Re1 Kf8 27. Rxe4 Qd6 28. Rf4+ Nf6 29. Qe4 Kg7 30. Qf5 Nd5 31. Qf7+ Kh8 32. Rh4 Nf6 33. Bd3 Rd7 34. Qg6 Rg7 35. Qf5 Qc6 36. g3 Qd6 37. Rh6 Rf7 38. g4 Qe7 39. Bc4 Nxg4 40. Rxh7+ Rxh7 41. hxg4 Qe1+ 42. Bf1 Re7 43. Qf8+ Kh7 44. Kg2 Qe4+ 45. f3 Qc2+ 46. Kg3 Rg7 47. Qd8 Qxc3 48. Bd3+ Kh6 49. Qh4# 1-0

[Event "Catalunya-chT Gp1"]
[Site "Barcelona"]
[Date "2018.01.20"]
[Round "1.3"]
[White "Mestre Bellido, Hector"]
[Black "Romero Holmes, Alfonso"]
[Result "1/2-1/2"]
[WhiteElo "2281"]
[BlackElo "2445"]
[PlyCount "103"]
[EventDate "2018.01.20"]
[EventType "team-tourn"]
[EventRounds "7"]
[EventCountry "ESP"]
[SourceTitle "CBM 182 Extra"]
[Source "ChessBase"]
[SourceDate "2018.02.23"]
[SourceVersion "1"]
[SourceVersionDate "2018.02.23"]
[SourceQuality "1"]
[WhiteTeam "Foment Martinenc"]
[BlackTeam "Colon Sabadell"]
[WhiteTeamCountry "ESP"]
[BlackTeamCountry "ESP"]

1. Nf3 d5 2. g3 Nc6 3. d4 Bg4 4. Bg2 e6 5. 0-0 Nf6 6. c4 Bd6 7. b3 0-0 8. Bb2 Bh5 9. Nbd2 a5 10. a3 Re8 11. Re1 Bf8 12. Rc1 Ne4 13. Nxe4 dxe4 14. Ne5 Nxe5 15. dxe5 Bg6 16. e3 Qxd1 17. Rcxd1 Ra6 18. Rc1 Rb6 19. Rc3 Rd8 20. c5 Rb5 21. Rec1 Rd3 22. R3c2 Rdxb3 23. Bd4 Rxa3 24. Bf1 Rd3 25. g4 h5 26. h3 hxg4 27. hxg4 Rbb3 28. Bxd3 exd3 29. Ra2 Be4 30. Kh2 Bf3 31. Rc3 Rxc3 32. Bxc3 b6 33. Kg3 Bd1 34. cxb6 cxb6 35. Rb2 Bc5 36. Rb5 a4 37. g5 Bc2 38. Rxc5 bxc5 39. f4 Kf8 40. Kf2 Ke8 41. Ke1 Kd7 42. Bb2 Kc6 43. Kd2 Kd5 44. Kc3 Ke4 45. Kd2 g6 46. Ba3 c4 47. Bb2 a3 48. Bxa3 c3+ 49. Kxc3 Kxe3 50. Bc1+ Ke2 51. Bd2 Bb1 52. Bc1 1/2-1/2

[Event "Sant Boi Lorente Memorial 8th"]
[Site "Sant Boi de Llobregat"]
[Date "2017.06.18"]
[Round "6.4"]
[White "Mellado Trivino, Juan"]
[Black "Mestre Bellido, Hector"]
[Result "1/2-1/2"]
[WhiteElo "2389"]
[BlackElo "2279"]
[PlyCount "109"]
[EventDate "2017.06.18"]
[EventType "swiss"]
[EventRounds "9"]
[EventCountry "ESP"]
[SourceTitle "EXT 2024"]
[Source "ChessBase"]
[SourceDate "2023.10.10"]
[SourceVersion "1"]
[SourceVersionDate "2023.10.10"]
[SourceQuality "1"]

1. d4 d5 2. e4 dxe4 3. Nc3 Nf6 4. f3 exf3 5. Nxf3 Bg4 6. h3 Bh5 7. g4 Bg6 8. Ne5 c6 9. Bg2 Nbd7 10. Nxg6 hxg6 11. 0-0 e6 12. Qf3 Qe7 13. g5 Nh5 14. Ne4 f5 15. gxf6 gxf6 16. c4 0-0-0 17. c5 Qg7 18. Be3 Be7 19. b4 f5 20. b5 Nb8 21. Rab1 Rd7 22. Nc3 Bf6 23. bxc6 Nxc6 24. Nb5 Rhd8 25. Nd6+ Rxd6 26. cxd6 Rxd6 27. Rfc1 Bxd4 28. Qf2 e5 29. Bxd4 exd4 30. Bxc6 Rxc6 31. Rxc6+ bxc6 32. Qb2 Qe5 33. Qb7+ Kd8 34. Qa8+ Ke7 35. Rb7+ Kd6 36. Qf8+ Kd5 37. Qf7+ Kc5 38. Qf8+ Kc4 39. Qb4+ Kd3 40. Qb3+ Ke4 41. Qc2+ Kf4 42. Qxc6 Qe1+ 43. Kg2 Qe2+ 44. Kg1 Qd1+ 45. Kf2 Qd2+ 46. Kg1 Qe3+ 47. Kg2 Qd2+ 48. Kg1 Qe3+ 49. Kg2 Qe2+ 50. Kg1 Qd1+ 51. Kg2 Qd2+ 52. Kg1 Qe3+ 53. Kg2 Qd2+ 54. Kg1 Qe3+ 55. Kg2 1/2-1/2

[Event "Barcelona Paredes Memorial 19th"]
[Site "Barcelona"]
[Date "2017.05.27"]
[Round "6"]
[White "Reyes Lopez, Daniel"]
[Black "Mestre Bellido, Hector"]
[Result "0-1"]
[WhiteElo "2012"]
[BlackElo "2290"]
[PlyCount "126"]
[EventDate "2017.04.22"]
[EventType "swiss"]
[EventRounds "9"]
[EventCountry "ESP"]
[SourceTitle "EXT 2018"]
[Source "ChessBase"]
[SourceDate "2017.10.13"]
[SourceVersion "1"]
[SourceVersionDate "2017.10.13"]
[SourceQuality "1"]

1. Nf3 d5 2. c4 c6 3. b3 Bg4 4. Ne5 Bf5 5. e3 f6 6. Nf3 e5 7. Nc3 d4 8. exd4 exd4 9. Qe2+ Kf7 10. Ne4 Na6 11. d3 Bb4+ 12. Bd2 Nh6 13. a3 Bxd2+ 14. Qxd2 Re8 15. 0-0-0 Bxe4 16. dxe4 Nc5 17. Qb4 Qe7 18. Nxd4 Nxe4 19. c5 Qxc5+ 20. Bc4+ Kg6 21. h4 Qxb4 22. h5+ Kg5 23. f4+ Kg4 24. axb4 Nf2 25. Be6+ Rxe6 26. Nxe6 Nxh1 27. Rxh1 Re8 28. Nc5 Re7 29. Nd3 Nf5 30. Kd2 Nd4 31. h6 g6 32. Rh3 Re2+ 33. Kd1 Rxg2 34. Re3 Rg1+ 35. Kd2 Rg2+ 36. Kd1 Nf5 37. Re6 Ra2 38. Nc5 Kxf4 39. Rxf6 Kg5 40. Rf7 b6 41. Ne4+ Kxh6 42. Nf6 Nd4 43. Rxh7+ Kg5 44. Ne4+ Kf4 45. Nd6 Ke3 46. Rh3+ Nf3 47. Nc4+ Kf2 48. Kc1 Re2 49. Nb2 Kg2 50. Rh7 g5 51. Rxa7 g4 52. Nd3 g3 53. Nf4+ Kf1 54. Nxe2 Kxe2 55. Ra2+ Kf1 56. Kc2 g2 57. Ra1+ Ke2 58. Kc3 Ke3 59. b5 c5 60. b4 cxb4+ 61. Kxb4 g1Q 62. Rxg1 Nxg1 63. Kc4 Ke4 0-1

[Event "Barcelona Paredes Memorial 19th"]
[Site "Barcelona"]
[Date "2017.04.29"]
[Round "2"]
[White "Leiva Ruiz, Sergi"]
[Black "Mestre Bellido, Hector"]
[Result "0-1"]
[WhiteElo "1891"]
[BlackElo "2290"]
[PlyCount "54"]
[EventDate "2017.04.22"]
[EventType "swiss"]
[EventRounds "9"]
[EventCountry "ESP"]
[SourceTitle "EXT 2018"]
[Source "ChessBase"]
[SourceDate "2017.10.13"]
[SourceVersion "1"]
[SourceVersionDate "2017.10.13"]
[SourceQuality "1"]

1. Nf3 Nf6 2. c4 b6 3. g3 Bb7 4. Bg2 c5 5. 0-0 g6 6. Nc3 Bg7 7. Re1 d6 8. d4 cxd4 9. Nxd4 Bxg2 10. Kxg2 0-0 11. e4 Qc8 12. b3 Qb7 13. Kg1 Nbd7 14. Bb2 Rac8 15. Qd2 Rfd8 16. Rad1 a6 17. Nd5 Nc5 18. f3 b5 19. cxb5 axb5 20. Qe2 b4 21. Qb5 Qxb5 22. Nxb5 Nxd5 23. Bxg7 Nf4 24. Bd4 Nfe6 25. Kf2 Ra8 26. Re2 Rdb8 27. Bxc5 dxc5 0-1